| 000 | 00445nam a2200193Ia 4500 | ||
|---|---|---|---|
| 003 | GCL | ||
| 008 | 140319s9999 xx 000 0 eng d | ||
| 040 |
_aGCL / _cGCL |
||
| 082 | 0 | 4 |
_a759 _bH F |
| 100 | 1 | _aHONORE, JEAN | |
| 245 | 1 | 0 |
_aFRAGONARD / _cHONORE, JEAN |
| 260 |
_a[S.N] : _bTHAMES AND HUDSON |
||
| 300 | _a128 P | ||
| 650 | 0 | 4 | _aPAINTING |
| 650 | 0 | 4 | _aARTISTS |
| 650 | 0 | 4 | _aFRAGONARD |
| 650 | 0 | 4 | _aARTS, PAINTING |
| 942 |
_2ddc _cBK |
||
| 999 |
_c23518 _d23518 |
||